[Event "IND-ch U13 Girls 29th"]
[Site "Gurgaon"]
[Date "2015.08.31"]
[Round "3"]
[White "Tanya, Pandey"]
[Black "Mishra, Anwesha"]
[Result "1/2-1/2"]
[WhiteElo "1532"]
[BlackElo "1765"]
[PlyCount "51"]
[EventDate "2015.08.30"]
[EventType "swiss"]
[EventRounds "11"]
[EventCountry "IND"]
[SourceTitle "EXT 2016"]
[Source "ChessBase"]
[SourceDate "2015.10.08"]
[SourceVersion "1"]
[SourceVersionDate "2015.10.08"]
[SourceQuality "1"]

1. e4 e5 2. Nf3 Nc6 3. d4 exd4 4. Bc4 Nf6 5. 0-0 Nxe4 6. Re1 d5 7. Bxd5 Qxd5 8. Nc3 Qh5 9. Nxe4 Be6 10. Bg5 Bd6 11. Nxd6+ cxd6 12. Bf4 Qd5 13. c3 Kd7 14. Nxd4 Nxd4 15. Qxd4 Qxd4 16. cxd4 Bd5 17. a3 a5 18. Re3 Rhe8 19. Rc1 Rxe3 20. Bxe3 f5 21. f3 h6 22. h4 Rg8 23. Kf2 g5 24. hxg5 hxg5 25. Bd2 b6 26. Rh1 1/2-1/2